[Event "YUG-ch (Women)"]
[Site "Belgrade"]
[Date "1993.??.??"]
[Round "1"]
[White "Kostic, Maja"]
[Black "Veliova, Irijeta"]
[Result "1/2-1/2"]
[WhiteElo "2095"]
[BlackElo "2035"]
[PlyCount "129"]
[EventDate "1993.??.??"]
[EventType "swiss"]
[EventRounds "11"]
[EventCountry "YUG"]
[SourceTitle "EXT 2002"]
[Source "ChessBase"]
[SourceDate "2001.11.25"]
[SourceVersion "1"]
[SourceVersionDate "2001.11.25"]
[SourceQuality "1"]

1. c4 Nf6 2. Nf3 g6 3. Nc3 Bg7 4. d4 d5 5. Qb3 c6 6. cxd5 cxd5 7. Bg5 e6 8. e3 Nc6 9. Ne5 0-0 10. Be2 Qc7 11. 0-0 Nxe5 12. dxe5 Qxe5 13. Bf4 Qf5 14. Nb5 e5 15. Nc7 Rb8 16. Bg3 Bd7 17. Nxd5 Nxd5 18. Qxd5 Bc6 19. Qc4 Rbd8 20. Rad1 a6 21. a4 Qe4 22. Qxe4 Bxe4 23. Rc1 Rd2 24. Bc4 Rxb2 25. f3 Bc6 26. a5 Rd8 27. Rfd1 Re8 28. e4 Bh6 29. Rb1 Be3+ 30. Kf1 Rc2 31. Be2 Bd4 32. Rbc1 Ra2 33. Be1 Ba4 34. Rd2 Ra3 35. Rb1 Bc6 36. Rc2 f5 37. Bb4 Re3 38. exf5 gxf5 39. Bc4+ Kg7 40. Bd2 Ra3 41. Bxa6 Bxf3 42. Rc7+ Kf6 43. Bxb7 Be4 44. Bxe4 fxe4 45. Rbb7 e3 46. Bb4 Ra2 47. g4 Rxh2 48. a6 e2+ 49. Ke1 Bf2+ 50. Kxe2 Bb6+ 51. Kf3 e4+ 52. Kg3 Bxc7+ 53. Rxc7 Ra2 54. a7 e3 55. Rb7 Ra8 56. Bc5 e2 57. Kf2 Re8 58. Bd4+ Kg5 59. Ke1 Rf8 60. Bf2 Rd8 61. Rb1 Rd1+ 62. Rxd1 exd1Q+ 63. Kxd1 Kxg4 64. Kc1 Kf3 65. Kb1 1/2-1/2

[Event "YUG-ch (Women)"]
[Site "Belgrade"]
[Date "1993.??.??"]
[Round "9"]
[White "Veliova, Irijeta"]
[Black "Bozovic, Maja"]
[Result "1-0"]
[WhiteElo "2035"]
[BlackElo "2070"]
[PlyCount "49"]
[EventDate "1993.??.??"]
[EventType "swiss"]
[EventRounds "11"]
[EventCountry "YUG"]
[SourceTitle "EXT 2002"]
[Source "ChessBase"]
[SourceDate "2001.11.25"]
[SourceVersion "1"]
[SourceVersionDate "2001.11.25"]
[SourceQuality "1"]

1. d4 Nf6 2. c4 e6 3. Nf3 c5 4. e3 d5 5. cxd5 exd5 6. dxc5 Bxc5 7. Be2 Ne4 8. 0-0 0-0 9. Nbd2 Re8 10. Qc2 Qe7 11. Nb3 Bf5 12. Nxc5 Qxc5 13. Qb3 b6 14. Nd4 Bd7 15. Rd1 Nc6 16. Nb5 Nb4 17. f3 Nf6 18. Bd2 Nc6 19. Rac1 Qe7 20. Nc7 Nd4 21. Qd3 Nf5 22. Nxa8 Rxa8 23. e4 dxe4 24. fxe4 Nh4 25. Bg5 1-0

[Event "YUG-ch (Women)"]
[Site "Belgrade"]
[Date "1993.??.??"]
[Round "5"]
[White "Veliova, Irijeta"]
[Black "Lazic, Marina"]
[Result "0-1"]
[WhiteElo "2035"]
[BlackElo "2115"]
[PlyCount "56"]
[EventDate "1993.??.??"]
[EventType "swiss"]
[EventRounds "11"]
[EventCountry "YUG"]
[SourceTitle "EXT 2002"]
[Source "ChessBase"]
[SourceDate "2001.11.25"]
[SourceVersion "1"]
[SourceVersionDate "2001.11.25"]
[SourceQuality "1"]

1. d4 Nf6 2. c4 e6 3. Nf3 b6 4. g3 Ba6 5. b3 Bb4+ 6. Bd2 Be7 7. Bg2 c6 8. 0-0 d5 9. cxd5 exd5 10. Re1 0-0 11. Nc3 Nbd7 12. Nh4 g6 13. e4 dxe4 14. Nxe4 Rc8 15. Bh6 Re8 16. Bh3 Ra8 17. Qf3 Nxe4 18. Rxe4 Nf6 19. Rf4 Qd5 20. Rxf6 Qxd4 21. Rxg6+ hxg6 22. Rd1 Qf6 23. Bf4 Rad8 24. Bd7 Rf8 25. Qg4 Bc8 26. Nf5 Rxd7 27. Nh6+ Kg7 28. Nf5+ Qxf5 0-1